000 00550nam a22001457a 4500
008 090618t xxu||||| |||| 00| 0 eng d
082 _222
_a621.51
_bCOM
245 _aCompressed Air and Gas Data/
_ceditor A. W. Loomis
260 _aNew Jersey:
_bIngersollrand,
_c1982
300 _a1 v.:
_bill.;
_c19 cm.
650 _96434
_aCompressors
650 _96435
_aCompressed air
_v--Handbooks
942 _2ddc
_cBB
999 _c11891
_d11891